000 01034nam a22002537a 4500
999 _c100636
_d100636
005 20210728145155.0
010 _a1617CH-EN B-740681
020 _a9780143333449
_c399.00
035 _aB-643321-346
035 _aB-664637
035 _aB-740681
037 _aDPL
_bBSB/ven
037 _bGift
082 _aS
100 _aPattanaik, Devdutt
245 _aFun in Devlok omnibus /
_cby Devdutt Pattanaik ; illustrated by Vishal Tondon
260 _aGurgaon
_bPuffin Books
_c2014
270 _a7th Floor, Infinity Tower C, DLF Cyber City,
_bGurgaon
_e122002
300 _a301p.:
_c20cm(pbk)
_bill.
942 _2ddc
_cCH
_mPAT
_hS